It looks like you're offline.
Open Library logo
additional options menu

MARC Record from Scriblio

Record ID marc_records_scriblio_net/part12.dat:111174512:786
Source Scriblio
Download Link /show-records/marc_records_scriblio_net/part12.dat:111174512:786?format=raw

LEADER: 00786cam 2200253 i 4500
001 80149780 //r88
003 DLC
005 19881108000000.0
008 811005s1980 fr 00110 fre
010 $a 80149780 //r88
015 $aF***
020 $a2275011145 :$c64.00F
043 $ae-fr---
050 0 $aLAW
082 0 $a347.44/05$a344.4075$219
100 10 $aJauffret, Alfred.
245 10 $aManuel de procédure civile et voies d'exécution :$bcapacité, deuxième année /$cpar Alfred Jauffret.
250 $a13. éd.
260 0 $aParis :$bLibrairie générale de droit et de jurisprudence,$c1980.
300 $a280 p. ;$c20 cm.
500 $aIncludes index.
650 0 $aCivil procedure$zFrance.
650 0 $aExecutions (Law)$zFrance.
740 01 $aCapacité, deuxième année.